000 00573cam a2200205 a 4500
001 000019248
005 20200929165948.0
008 820430s1970 sp 000 0 spa d
040 _aDO-SdBNP
_bspa
_cLC
_dBNPHU
082 _a863.64
_bS182d, 1970
100 1 _aSalvador, Tomás.
_941421
245 1 0 _aDivision 250 /
_cTomás Salvador.
250 _a5a ed.
260 _aBarcelona :
_bDestino,
_c1970.
300 _a366 p. ;
_c19 cm.
650 4 _aNovela española
_91123
650 4 _aLiteratura española
_9632
910 _aCatalogación derivada / LC
049 _aBNGR
999 _c18766
_d18766